000
00275nam a2200109Ia 4500
008
220204s9999 xx 000 0 und d
082
_a
91(031)
_b
TUN
100
_a
Tunney, C J
245
0
_a
Concise encyclopedia of geography
260
_a
Berkshire
_b
Purnell
_c
1976
942
_c
BK
999
_c
26586
_d
26586